[Event "Open Aubagne 2024/25"]
[Site "Aubagne"]
[Date "2024.09.28"]
[Round "1.2"]
[White "Camus, Evan"]
[Black "Maggio, Lucas"]
[Result "0-1"]
[WhiteElo "1514"]
[BlackElo "1770"]
[PlyCount "94"]
[WhiteTeam "Hay Chess"]
[BlackTeam "Cercle d'Echecs Aubagnais"]

1. b3 e5 2. Bb2 Nc6 3. e3 Nf6 4. Bb5 Bd6 5. d4 exd4 6. exd4 O-O 7. Ne2 a6 8.
Bd3 Re8 9. O-O Bf8 10. Ng3 d5 11. h3 g6 12. Nd2 Bg7 13. Nf3 Ne4 14. Ne2 Nb4 15.
c4 Nxd3 16. Qxd3 Bf5 17. Qe3 Ng3 18. Ne5 Nxf1 19. Kxf1 f6 20. Qg3 fxe5 21. dxe5
dxc4 22. bxc4 Bd3 23. Rd1 Bxe2+ 24. Kxe2 Qe7 25. f4 Qb4 26. Ba3 Qxc4+ 27. Kf3
Qc3+ 28. Kg4 Qxg3+ 29. Kxg3 Rad8 30. Rxd8 Rxd8 31. Kg4 Rd2 32. g3 Rxa2 33. Be7
Kf7 34. Bd8 c5 35. h4 c4 36. h5 c3 37. h6 Bxh6 38. f5 gxf5+ 39. Kxf5 c2 40. e6+
Ke8 41. Bg5 Bxg5 42. Kxg5 c1=Q+ 43. Kf6 Re2 44. g4 Qh6+ 45. Kf5 Qxe6+ 46. Kf4
Qe5+ 47. Kf3 Qe3# 0-1

[Event "Open Aubagne 2024/25"]
[Site "Aubagne"]
[Date "2024.09.28"]
[Round "1.5"]
[White "Cescon, Moreno"]
[Black "Periale, Albert"]
[Result "1-0"]
[WhiteElo "1738"]
[BlackElo "1484"]
[PlyCount "84"]
[WhiteTeam "Club d'Echecs Pennois (CEP)"]
[BlackTeam "Cercle d'Echecs Aubagnais"]

1. e4 e5 2. Nf3 d6 3. c3 Nf6 4. d3 Bg4 5. Be2 Be7 6. h3 Be6 7. O-O O-O 8. Ng5
Bd7 9. f4 exf4 10. Bxf4 Nc6 11. Nd2 h6 12. Ngf3 Re8 13. Nh2 Qc8 14. Qe1 a6 15.
Qg3 Kh7 16. d4 Rg8 17. Bc4 Re8 18. e5 Nh5 19. Qd3+ Kh8 20. exd6 cxd6 21. Rae1
Nf6 22. Bxd6 Qd8 23. Bxe7 Nxe7 24. Bxf7 Rf8 25. Bb3 Bc6 26. c4 b5 27. c5 Bd5
28. Bxd5 Nexd5 29. Ne4 Nxe4 30. Rxf8+ Qxf8 31. Qxe4 Nf6 32. Qe7 Kg8 33. Nf3 Rd8
34. Qe6+ Qf7 35. Qxa6 Rb8 36. Qd6 Re8 37. Rxe8+ Nxe8 38. Qb8 Kh7 39. Qxb5 Nc7
40. Qd3+ Kh8 41. b3 Qe7 42. Ne5 Qe6 1-0

[Event "Open Aubagne 2024/25"]
[Site "Aubagne"]
[Date "2024.09.28"]
[Round "1.6"]
[White "Pretini, Augustin"]
[Black "Madi, Walid"]
[Result "0-1"]
[WhiteElo "1472"]
[BlackElo "1717"]
[PlyCount "62"]
[WhiteTeam "Cercle d'Echecs Aubagnais"]
[BlackTeam "Cercle d'Echecs Aubagnais"]

1. d4 Nf6 2. c4 g6 3. Nc3 d6 4. Nf3 Bg7 5. e3 O-O 6. Be2 Nbd7 7. O-O e5 8. Nd2
Ne8 9. Nb3 a5 10. a4 f5 11. e4 exd4 12. Nxd4 Qe7 13. Bf3 c5 14. Nde2 Ne5 15.
Qd5+ Be6 16. Qd2 Bxc4 17. Nd5 Nxf3+ 18. gxf3 Qf7 19. Nb6 Rd8 20. Nxc4 Qxc4 21.
Qxa5 Nf6 22. Nc3 fxe4 23. fxe4 Nxe4 24. Nxe4 Qxe4 25. Qc7 Bd4 26. Ra2 Bxf2+ 27.
Rxf2 Qe1+ 28. Kg2 Qxf2+ 29. Kh3 Rf3+ 30. Kg4 Qg2+ 31. Kh4 Rh3# 0-1

[Event "Open Aubagne 2024/25"]
[Site "Aubagne"]
[Date "2024.09.28"]
[Round "1.7"]
[White "Roger, Patrick"]
[Black "Roganova, Jeremy"]
[Result "1-0"]
[WhiteElo "1711"]
[BlackElo "1469"]
[PlyCount "74"]
[WhiteTeam "Echiquier Marseillais 1872"]
[BlackTeam "Cercle d'Echecs Aubagnais"]

1. e4 c5 2. Nc3 d6 3. g3 Nf6 4. Bg2 e6 5. Nge2 Be7 6. O-O O-O 7. d3 Bd7 8. h3
Nc6 9. Be3 Rc8 10. Qd2 a6 11. f4 Qb6 12. Rab1 Nd4 13. b4 Qc7 14. bxc5 dxc5 15.
Nxd4 cxd4 16. Bxd4 Bc5 17. Ne2 Bxd4+ 18. Nxd4 Qc5 19. Qf2 Nh5 20. Kh2 e5 21.
fxe5 Qxe5 22. Rxb7 Nxg3 23. Qxg3 Qxd4 24. Qf2 Qd6+ 25. Kh1 Qc6 26. Rfb1 Qe6 27.
c4 Qd6 28. Qe3 Rcd8 29. e5 Qg6 30. R1b6 Qf5 31. Rxa6 Be6 32. Rd6 Rfe8 33. a4
Ra8 34. Rb4 Bd7 35. Bxa8 Rxe5 36. Rb8+ Be8 37. Rxe8+ Rxe8 1-0

[Event "Open Aubagne 2024/25"]
[Site "Aubagne"]
[Date "2024.09.28"]
[Round "1.8"]
[White "Giraudoux Lognos, Lina"]
[Black "Deregnaucourt, Yves"]
[Result "1/2-1/2"]
[WhiteElo "1465"]
[BlackElo "1708"]
[PlyCount "51"]
[WhiteTeam "Cercle d'Echecs Aubagnais"]
[BlackTeam "Cercle d'Echecs Aubagnais"]

1. d4 Nf6 2. Bf4 d5 3. Nf3 Bf5 4. e3 Nc6 5. c3 e6 6. Be2 Be7 7. Nbd2 h6 8. h3
O-O 9. O-O Bd6 10. Ne5 Bxe5 11. dxe5 Nd7 12. Nf3 g5 13. Bh2 Kh8 14. Bd3 Be4 15.
Bxe4 dxe4 16. Nd2 Ndxe5 17. Nxe4 Qe7 18. Qh5 Kh7 19. f4 f5 20. Nxg5+ Kg7 21.
fxe5 hxg5 22. Rad1 Rh8 23. Qe2 Rad8 24. Rxd8 Rxd8 25. e4 f4 26. h4 1/2-1/2

[Event "Open Aubagne 2024/25"]
[Site "Aubagne"]
[Date "2024.09.28"]
[Round "1.9"]
[White "Maffone, Jean-Charles"]
[Black "Turpin, Isabelle"]
[Result "1-0"]
[WhiteElo "1691"]
[BlackElo "1462"]
[PlyCount "105"]
[WhiteTeam "Cercle d'Echecs Aubagnais"]
[BlackTeam "Cercle d'Echecs Aubagnais"]

1. e4 b5 2. d4 e6 3. Bxb5 c6 4. Be2 Nf6 5. e5 Nd5 6. c4 Nb6 7. Nf3 c5 8. O-O d5
9. cxd5 Nxd5 10. Nc3 Nc6 11. Bb5 Bd7 12. Nxd5 Nxd4 13. Bxd7+ Qxd7 14. Nc3 Nxf3+
15. Qxf3 Rd8 16. Bg5 Be7 17. Bxe7 Qxe7 18. Qc6+ Qd7 19. Qxc5 Rc8 20. Qd6 Rd8
21. Rad1 Qxd6 22. Rxd6 Rxd6 23. exd6 Kd7 24. Rd1 Rb8 25. Rd2 Rb6 26. Ne4 Rc6
27. f3 f5 28. Nc3 Rxd6 29. Rxd6+ Kxd6 30. Kf2 a5 31. Ke3 Kc5 32. f4 Kc4 33. h4
h5 34. Ne2 a4 35. b3+ axb3 36. axb3+ Kxb3 37. Nd4+ Kc4 38. Nxe6 g6 39. Nf8 Kd5
40. Nxg6 Ke6 41. Ne5 Kd6 42. Nd3 Ke6 43. Kd4 Kd6 44. Nb4 Ke6 45. Kc5 Ke7 46.
Kd5 Kf6 47. Nc6 Kf7 48. Ke5 Kg6 49. Ke6 Kg7 50. Kxf5 Kh6 51. g3 Kg7 52. Kg5 Kf7
53. Kxh5 1-0

[Event "Open Aubagne 2024/25"]
[Site "Aubagne"]
[Date "2024.09.28"]
[Round "1.10"]
[White "Pouliquen, Gilbert"]
[Black "Engles, Pierre"]
[Result "0-1"]
[WhiteElo "1449"]
[BlackElo "1688"]
[PlyCount "52"]
[WhiteTeam "Echiquier Marseillais 1872"]
[BlackTeam "Hay Chess"]

1. d4 Nf6 2. c4 c5 3. Nf3 g6 4. Nc3 cxd4 5. Nxd4 Bg7 6. e4 d6 7. Be2 O-O 8. O-O
Nc6 9. Nxc6 bxc6 10. Be3 Rb8 11. Rb1 a5 12. a4 Qd7 13. Qd2 Ng4 14. Bxg4 Qxg4
15. Bh6 Ba6 16. b3 Rfd8 17. Bxg7 Kxg7 18. Qd4+ Kg8 19. Qe3 Rd7 20. Rfe1 Rdb7
21. Ne2 Bxc4 22. Nd4 c5 23. f3 Qc8 24. Qc3 cxd4 25. Qxc4 Qxc4 26. bxc4 Rxb1 0-1

[Event "Open Aubagne 2024/25"]
[Site "Aubagne"]
[Date "2024.09.28"]
[Round "1.11"]
[White "Vrillet, Loan"]
[Black "Bouidh, Sonia"]
[Result "1-0"]
[WhiteElo "1676"]
[BlackElo "1430"]
[PlyCount "119"]
[WhiteTeam "Cercle d'Echecs Aubagnais"]
[BlackTeam "Marseille Passion Echecs"]

1. e4 c5 2. Nc3 e5 3. Nf3 Nc6 4. Bc4 Be7 5. d3 Nf6 6. h3 d6 7. Be3 O-O 8. O-O
Bd7 9. a4 Nd4 10. Nd5 Nxd5 11. Bxd5 Qc8 12. c3 Nxf3+ 13. Qxf3 Be6 14. Bc4 Bxc4
15. dxc4 f5 16. exf5 Rxf5 17. Qd5+ Kh8 18. b4 b6 19. a5 Rb8 20. axb6 axb6 21.
Ra7 e4 22. Qxe4 Re5 23. Qd3 Ra8 24. Rfa1 Rxa7 25. Rxa7 Bf8 26. b5 Re7 27. Ra6
Rb7 28. Qd5 Qb8 29. Qc6 h6 30. g3 Be7 31. Kg2 Kg8 32. Bf4 g5 33. Qd5+ Kg7 34.
Bd2 Ra7 35. Qe6 Bf6 36. Rxa7+ Qxa7 37. Qxd6 Qa8+ 38. Kh2 Qa2 39. Qd3 Kf7 40.
Qd7+ Be7 41. Qf5+ Bf6 42. Qh7+ Bg7 43. Qf5+ Bf6 44. Qd5+ Kg7 45. Kg2 Qb1 46.
Qe6 Qd3 47. Be1 Qd1 48. Qe4 h5 49. f3 Qc1 50. Bf2 Qd2 51. Qb7+ Kg6 52. Qxb6
Qxc3 53. Qxc5 Qd2 54. b6 Qb2 55. Qd6 Kf7 56. c5 Be7 57. Qd7 Kf6 58. Qd4+ Qxd4
59. Bxd4+ Ke6 60. b7 1-0

[Event "Open Aubagne 2024/25"]
[Site "Aubagne"]
[Date "2024.09.28"]
[Round "1.12"]
[White "Belaid, Myriam"]
[Black "Gamblin, Vincent"]
[Result "0-1"]
[WhiteElo "1399"]
[BlackElo "1649"]
[PlyCount "54"]
[WhiteTeam "Cercle d'Echecs Aubagnais"]
[BlackTeam "L'Echiquier du Roy René"]

1. c4 e5 2. d3 Nc6 3. Nf3 Nf6 4. Nc3 a6 5. e4 Bb4 6. Bd2 O-O 7. Be2 d6 8. O-O
Bc5 9. h3 Nd4 10. Nxd4 Bxd4 11. Rb1 c6 12. b4 b5 13. a4 bxc4 14. dxc4 c5 15.
Nd5 Nxe4 16. Qe1 Ng3 17. Be3 Nxf1 18. Kxf1 Bf5 19. Rb3 Rb8 20. a5 Bxe3 21. Nxe3
Bg6 22. Qc3 cxb4 23. Rxb4 Qxa5 24. Nd5 Rxb4 25. Nxb4 Rb8 26. Bd3 Qxb4 27. Qe1
Bxd3+ 0-1

[Event "Open Aubagne 2024/25"]
[Site "Aubagne"]
[Date "2024.09.28"]
[Round "1.13"]
[White "Belaid, Noa"]
[Black "Innocenti, Georges"]
[Result "1-0"]
[WhiteElo "1637"]
[BlackElo "1399"]
[PlyCount "79"]
[WhiteTeam "Hay Chess"]
[BlackTeam "Cercle d'Echecs Aubagnais"]

1. e4 e5 2. Nf3 Nc6 3. Bc4 h6 4. Nc3 Bb4 5. a3 Bxc3 6. bxc3 Nf6 7. d3 O-O 8.
O-O Na5 9. Ba2 d6 10. Bd2 b6 11. Re1 Nd7 12. d4 Qf6 13. Rb1 Ba6 14. Be3 Rab8
15. dxe5 Nxe5 16. Nxe5 Qxe5 17. Bd4 Qg5 18. Re3 Qg6 19. Rg3 Qh7 20. Rxg7+ Qxg7
21. Bxg7 Kxg7 22. g3 Bc4 23. Qd4+ f6 24. Bxc4 c5 25. Qd3 Nxc4 26. Qxc4 Rbd8 27.
Qa6 Rf7 28. a4 Re8 29. f3 Re5 30. a5 Ree7 31. axb6 Rb7 32. bxa7 Rxa7 33. Qxd6
Rac7 34. Rb6 c4 35. Rc6 Rfd7 36. Qf4 Rd1+ 37. Kf2 Rcd7 38. e5 fxe5 39. Qxe5+
Kg8 40. Rc8+ 1-0

[Event "Open Aubagne 2024/25"]
[Site "Aubagne"]
[Date "2024.09.28"]
[Round "1.14"]
[White "Jardel, Stephane"]
[Black "Benezra, David"]
[Result "1/2-1/2"]
[WhiteElo "1399"]
[BlackElo "1633"]
[PlyCount "128"]
[WhiteTeam "Cercle d'Echecs Aubagnais"]
[BlackTeam "L'Echiquier du Roy René"]

1. c4 e5 2. Nc3 g6 3. g3 Bg7 4. Bg2 f5 5. e3 Nf6 6. Nge2 c6 7. O-O O-O 8. b3 d6
9. f3 Na6 10. d4 Nd7 11. a3 Rb8 12. Rb1 Kh8 13. Qc2 Nc7 14. Rd1 Qe7 15. Bb2 Bh6
16. Qd3 Ne6 17. d5 Nec5 18. Qc2 Bxe3+ 19. Kh1 Nf6 20. b4 Ncd7 21. Rd3 Bh6 22.
dxc6 bxc6 23. Rbd1 Qf7 24. Na4 d5 25. cxd5 cxd5 26. Nc5 d4 27. f4 Ng4 28. Kg1
Ne3 29. Rxe3 Nxc5 30. Rxe5 Ne4 31. Bxd4 Bg7 32. Ra5 a6 33. Bxe4 fxe4 34. Qxe4
Bb7 35. Bxg7+ Kxg7 36. Qd4+ Kg8 37. Re5 Rfd8 38. Qa1 Qb3 39. Rf1 Re8 40. Qc3
Qa4 41. Nd4 Rbc8 42. Qe3 Rcd8 43. Re1 Kf7 44. Re7+ Kf8 45. Ne6+ Kxe7 46. Nxd8+
Kxd8 47. Qb6+ Kc8 48. Rc1+ Kb8 49. Kf2 Qb5 50. Qxb5 axb5 51. Rc5 Ba6 52. a4
bxa4 53. Ra5 Kb7 54. Rxa4 Kb6 55. Ra3 Bb7 56. Rd3 Re7 57. h4 Kb5 58. Rd4 Ka4
59. g4 Kb3 60. b5 Kc3 61. Ra4 Kd3 62. Ra3+ Kd2 63. Ra2+ Kd3 64. Ra3+ Kd2
1/2-1/2

[Event "Open Aubagne 2024/25"]
[Site "Aubagne"]
[Date "2024.09.28"]
[Round "1.15"]
[White "Hassaine, Rachid"]
[Black "Kuntz, Tom"]
[Result "0-1"]
[WhiteElo "1610"]
[BlackElo "1399"]
[PlyCount "100"]
[WhiteTeam "Cercle d'Echecs Aubagnais"]
[BlackTeam "Marseille Passion Echecs"]

1. e4 e6 2. Nf3 d5 3. exd5 exd5 4. d4 Nf6 5. Bd3 Bd6 6. O-O O-O 7. Nc3 Bg4 8.
Bg5 c6 9. a3 h6 10. Bh4 Nbd7 11. Bg3 Bxg3 12. fxg3 Qb6 13. Rb1 Bxf3 14. gxf3
Qxd4+ 15. Kg2 Kh8 16. Ne2 Qa4 17. Nc3 Qd4 18. Ne2 Qa4 19. Nc3 Qa5 20. Ne2 Rae8
21. c3 Ne5 22. Bc2 Nc4 23. Qd3 Ne3+ 24. Kf2 Qb6 25. Ke1 Nxf1 26. Kxf1 g6 27.
Qd2 Qe3 28. Qxe3 Rxe3 29. Kf2 Rfe8 30. Ng1 Kg7 31. Re1 Nd7 32. Be4 d4 33. Rd1
Nf6 34. Rxd4 Ng4+ 35. Kg2 Nf6 36. Kf2 Ng4+ 37. Kf1 Nxh2+ 38. Kf2 Ng4+ 39. Kf1
f5 40. Rd7+ Kf6 41. Bxc6 Re1+ 42. Kg2 Ne3+ 43. Kf2 Nc4 44. Bd5 Ne5 45. Rxb7
Nd3+ 46. Kg2 R8e7 47. Rb8 Rb1 48. b3 Rb2+ 49. Kh3 Re1 50. Bc4 Rxg1 0-1

[Event "Open Aubagne 2024/25"]
[Site "Aubagne"]
[Date "2024.09.28"]
[Round "1.16"]
[White "Peucelle, Richard"]
[Black "Khojasteh, Armand"]
[Result "0-1"]
[WhiteElo "1399"]
[BlackElo "1599"]
[PlyCount "56"]
[WhiteTeam "Cercle d'Echecs Aubagnais"]
[BlackTeam "Club Provence Echecs"]

1. e4 e5 2. Nf3 Nf6 3. Nxe5 Nc6 4. Nc3 Nxe5 5. Bb5 a6 6. Ba4 c5 7. d3 Qa5 8.
O-O b5 9. b3 bxa4 10. Bd2 Qd8 11. Nxa4 Bb7 12. Nc3 g6 13. Re1 d6 14. f4 Nc6 15.
Nd5 Bg7 16. Bc3 O-O 17. Qd2 Nd4 18. b4 Bxd5 19. exd5 Nxd5 20. bxc5 Nxc3 21.
Qxc3 Nf3+ 22. gxf3 Bxc3 23. Rf1 Bxa1 24. Rxa1 Qa5 25. Rf1 Qxc5+ 26. Rf2 Rae8
27. Kf1 Re7 28. Kg2 Rfe8 0-1

[Event "Open Aubagne 2024/25"]
[Site "Aubagne"]
[Date "2024.09.28"]
[Round "1.17"]
[White "Normand, Christophe"]
[Black "Portes, Daniel"]
[Result "1-0"]
[WhiteElo "1553"]
[BlackElo "1399"]
[PlyCount "97"]
[WhiteTeam "Club d'Echecs Pennois (CEP)"]
[BlackTeam "Hay Chess"]

1. e4 e5 2. Nf3 Nf6 3. Nxe5 d6 4. Nf3 Nxe4 5. Be2 Be6 6. d3 Nf6 7. O-O Nc6 8.
Bg5 Be7 9. c3 O-O 10. d4 Bd5 11. Nbd2 Ne4 12. Bxe7 Qxe7 13. Nxe4 Bxe4 14. Bd3
Bxd3 15. Qxd3 a6 16. Rfe1 Qf6 17. Re3 Rae8 18. Rae1 Rxe3 19. Rxe3 h6 20. Nd2
Qg6 21. Qxg6 fxg6 22. Nf3 Kh7 23. d5 Nb8 24. Re7 Rc8 25. Nd4 Kg8 26. Ne6 c6 27.
Rxg7+ Kh8 28. Rxg6 Re8 29. Rxh6+ Kg8 30. Kf1 cxd5 31. Nc7 Kg7 32. Rxd6 Rh8 33.
Rxd5 Rxh2 34. Kg1 Rh8 35. Ne6+ Kf6 36. Rd8 Rxd8 37. Nxd8 b5 38. Nb7 Ke7 39. f4
Kf7 40. Kf2 Nd7 41. Ke3 Ne5 42. b3 Nc6 43. Nd6+ Ke6 44. Ne4 Kd5 45. g4 Ne7 46.
g5 Ng6 47. f5 Nf8 48. g6 Nxg6 49. fxg6 1-0

[Event "Open Aubagne 2024/25"]
[Site "Aubagne"]
[Date "2024.09.28"]
[Round "1.18"]
[White "Engles, Baptiste"]
[Black "Moerenhout, Jean Claude"]
[Result "1-0"]
[WhiteElo "1299"]
[BlackElo "1552"]
[PlyCount "57"]
[WhiteTeam "Hay Chess"]
[BlackTeam "Cercle d'Echecs Aubagnais"]

1. e4 e5 2. Nf3 Nc6 3. d4 exd4 4. Bc4 Nf6 5. e5 Na5 6. Bxf7+ Kxf7 7. exf6 Qxf6
8. Bg5 Qe6+ 9. Be3 dxe3 10. Ng5+ Kg8 11. Nxe6 exf2+ 12. Kxf2 c6 13. Nf4 Bc5+
14. Kf1 b6 15. Nd3 Ba6 16. Nd2 g6 17. a3 Bxd3+ 18. cxd3 Bd4 19. Rb1 Kg7 20. Qg4
Rhf8+ 21. Nf3 Nb3 22. Qxd7+ Kh8 23. Ke1 Rae8+ 24. Kd1 Rd8 25. Qxa7 Bf2 26. Ng5
Rxd3+ 27. Kc2 Rd2+ 28. Kxb3 Rd3+ 29. Ka2 1-0

[Event "Open Aubagne 2024/25"]
[Site "AubagneGNE"]
[Date "2024.09.28"]
[Round "1.4"]
[Board "4"]
[White "Roux, Jean-Marie"]
[Black "Battaglia, Gerard"]
[Result "0-1"]
[WhiteElo "1502"]
[BlackElo "1740"]
[PlyCount "52"]
[GameId "2095175139222127"]
[WhiteTeam "L'Echiquier du Roy René"]
[BlackTeam "Echiquier Marseillais 1872"]

1. e4 e5 2. Nf3 d6 3. Nc3 Nf6 4. Bc4 h6 5. d3 Be7 6. Be3 c6 7. Qd2 Nbd7 8. h4 a5 9. O-O-O b5 10. Bxf7+ Kxf7 11. Kb1 Nb6 12. Rdg1 b4 13. Ne2 Rb8 14. Nh2 d5 15. exd5 Nfxd5 16. g4 Bxh4 17. Nf3 Bf6 18. g5 hxg5 19. Bxg5 Rxh1 20. Rxh1 Qd6 21. Ng3 Nc3+ 22. Ka1 Qd5 23. bxc3 bxc3 24. Qd1 Be6 25. Nxe5+ Bxe5 26. Qh5+ Kf8 0-1

[Event "Open Aubagne 2024/25"]
[Site "AubagneGNE"]
[Date "2024.09.28"]
[Round "1.19"]
[Board "19"]
[White "Pala, Gerard"]
[Black "Mouhieddine, Marouane"]
[Result "1-0"]
[WhiteElo "1539"]
[BlackElo "1299"]
[PlyCount "33"]
[GameId "2095171568013805"]
[WhiteTeam "Cercle d'Echecs Aubagnais"]
[BlackTeam "Cassis Echecs"]

1. d4 d5 2. Nc3 Nf6 3. Bf4 Bf5 4. Nb5 c6 5. Nc7+ Qxc7 6. Bxc7 Nbd7 7. Nf3 g5 8. e3 Bg7 9. c3 O-O 10. Bg3 h5 11. Nxg5 Bg4 12. Qb3 Rab8 13. Bxb8 Nxb8 14. Qxb7 Ne4 15. Nxe4 dxe4 16. Qxe7 f6 17. Qxe4 1-0

[Event "OPEN AUBAGNE 24-25"]
[Site "Aubagne"]
[Date "2024.09.28"]
[Round "1.1"]
[White "Mouhieddine, Hocine"]
[Black "Rocchia, Alex"]
[Result "1-0"]
[WhiteElo "1799"]
[BlackElo "1533"]
[PlyCount "23"]
[WhiteTeam "Cassis Echecs"]
[BlackTeam "Cercle d'Echecs Aubagnais"]

1. d4 d5 2. Bf4 e6 3. e3 Bd6 4. Bg3 Nf6 5. Nd2 b6 6. Bd3 Bb7 7. Ngf3 c5 8. c3
c4 9. Bc2 Qc7 10. Qe2 a5 11. e4 O-O 12. e5 1-0

[Event "Open Aubagne 2024/25"]
[Site "Aubagne"]
[Date "2024.10.05"]
[Round "2.5"]
[White "Khojasteh, Armand"]
[Black "Cescon, Moreno"]
[Result "0-1"]
[WhiteElo "1599"]
[BlackElo "1738"]
[PlyCount "158"]
[WhiteTeam "Club Provence Echecs"]
[BlackTeam "Club d'Echecs Pennois (CEP)"]

1. e4 e5 2. Nc3 d6 3. Bc4 Nf6 4. Nf3 Be7 5. h3 O-O 6. O-O a6 7. a4 Nc6 8. d3
Be6 9. Nd5 Nd4 10. c3 Nxf3+ 11. Qxf3 Nxd5 12. exd5 Bd7 13. Bb3 Qe8 14. Bc2 f5
15. Re1 Qg6 16. Bd1 Bh4 17. Qh5 Qf6 18. g3 Be8 19. Qxh4 Qxh4 20. gxh4 Bd7 21.
Kh2 f4 22. Bg4 Be8 23. h5 c6 24. a5 cxd5 25. Be6+ Bf7 26. Bg4 Rae8 27. Ra4 g5
28. hxg6 Bxg6 29. Rg1 Kh8 30. Bf3 Bxd3 31. Bxd5 Re7 32. f3 h6 33. Rb4 Bb5 34.
c4 Bc6 35. Rb6 Bxd5 36. cxd5 Rf6 37. b3 Kh7 38. Ba3 Rd7 39. Rb4 Rc7 40. Rc4 Rd7
41. Rc8 Re7 42. Rgg8 e4 43. Rh8+ Kg6 44. Bb2 Rff7 45. Rcg8+ Kf5 46. fxe4+ Rxe4
47. Re8 Rb4 48. Ba3 Rxb3 49. Bxd6 Re3 50. Rxe3 fxe3 51. Re8 Rd7 52. Bf8 Rxd5
53. Rxe3 Rxa5 54. Bxh6 Rb5 55. Kg3 a5 56. Bf8 Rd5 57. h4 b5 58. Be7 b4 59. Rb3
Ke4 60. Kg4 Rd7 61. Bc5 Rg7+ 62. Kh5 Kf4 63. Be3+ Kf5 64. Bg5 Rh7+ 65. Bh6 Rb7
66. Rf3+ Ke4 67. Re3+ Kd4 68. Rg3 a4 69. Be3+ Ke4 70. Bc5 Rb5 71. Rg4+ Kd3 72.
Rg5 Kc4 73. Be7 a3 74. Rxb5 Kxb5 75. Kg4 Ka4 76. h5 b3 77. Bxa3 Kxa3 78. h6 b2
79. h7 b1=Q {Suite illisible ! Suite Illisible} 0-1

[Event "Open Aubagne 2024/25"]
[Site "Aubagne"]
[Date "2024.10.05"]
[Round "2.11"]
[White "Gomez, Guy"]
[Black "Hammami, Hakim"]
[Result "0-1"]
[WhiteElo "1634"]
[BlackElo "1399"]
[PlyCount "70"]
[WhiteTeam "Cercle d'Echecs Aubagnais"]
[BlackTeam "Cercle d'Echecs Aubagnais"]

1. e4 e5 2. Nf3 Nc6 3. Bc4 Bc5 4. O-O Nf6 5. d3 h6 6. c3 O-O 7. h3 d5 8. exd5
Nxd5 9. b4 Be7 10. b5 Na5 11. Nxe5 Bf6 12. Bxh6 Bxe5 13. Bxd5 Qxd5 14. Be3 Bf5
15. f4 Bf6 16. g4 Qxd3 17. Qxd3 Bxd3 18. Rd1 Bxb5 19. g5 Nc4 20. Bc5 Rad8 21.
Rc1 Rfe8 22. gxf6 gxf6 23. Na3 Nxa3 24. Bxa3 Re2 25. c4 Bc6 26. Bb4 Kh7 27. Re1
Rg8+ 28. Kf1 Rb2 29. Bc3 Bg2+ 30. Kg1 Bxh3+ 31. Kh1 Rc2 32. Bxf6 Rgg2 33. Re5
Rh2+ 34. Kg1 Rcg2+ 35. Kf1 Rh1# 0-1

[Event "Open Aubagne 2024/25"]
[Site "Aubagne"]
[Date "2024.10.05"]
[Round "2.12"]
[White "Benezra, David"]
[Black "Engles, Simeon"]
[Result "1-0"]
[WhiteElo "1633"]
[BlackElo "1299"]
[PlyCount "91"]
[WhiteTeam "L'Echiquier du Roy René"]
[BlackTeam "Hay Chess"]

1. d4 Nf6 2. Nf3 d5 3. c3 e6 4. Bg5 Be7 5. e3 Ne4 6. Bxe7 Qxe7 7. Bd3 O-O 8.
O-O Nc6 9. Nbd2 Nxd2 10. Qxd2 b6 11. Bb5 Bb7 12. Bxc6 Bxc6 13. Ne5 Bb5 14. Rfd1
Ba4 15. Rf1 c5 16. f4 cxd4 17. exd4 Bb5 18. Rf3 f6 19. Ng4 f5 20. Ne5 Qh4 21.
Rh3 Qf6 22. a4 Be8 23. Qe3 h6 24. Qg3 Bf7 25. Nd7 Qe7 26. Nxf8 Rxf8 27. Rxh6
Qd6 28. Rh3 a6 29. Qh4 Bg6 30. Re1 Re8 31. Ree3 b5 32. Reg3 Kf7 33. Qg5 Qf8 34.
Qxg6+ Ke7 35. Qxg7+ Qxg7 36. Rxg7+ Kd6 37. axb5 axb5 38. Rb7 Kc6 39. Rhh7 Ra8
40. Ra7 Rxa7 41. Rxa7 Kb6 42. Re7 Ka5 43. Rxe6 b4 44. h4 bxc3 45. bxc3 Ka4 46.
h5 1-0

[Event "Open Aubagne 2024/25"]
[Site "Aubagne"]
[Date "2024.10.05"]
[Round "2.13"]
[White "Proud'Hon, Gabriel"]
[Black "Jardel, Stephane"]
[Result "0-1"]
[WhiteElo "1722"]
[BlackElo "1399"]
[PlyCount "64"]
[WhiteTeam "Hay Chess"]
[BlackTeam "Cercle d'Echecs Aubagnais"]

1. e4 c5 2. Nf3 Nc6 3. d4 cxd4 4. Nxd4 Nf6 5. Nc3 g6 6. f3 Bg7 7. Be3 O-O 8.
Be2 d6 9. O-O Bd7 10. Qd2 a6 11. Rad1 Qc7 12. Nxc6 Qxc6 13. Nd5 Nxd5 14. exd5
Qc7 15. c3 Rac8 16. Bd4 Bxd4+ 17. Qxd4 b5 18. Qe3 Qc5 19. Rd4 e5 20. dxe6 Bxe6
21. Kh1 Rfe8 22. Qf4 Qe5 23. Re4 Qc5 24. Qe3 Rcd8 25. a3 Rd7 26. Rd1 Qc6 27.
Qd4 d5 28. Rh4 Bf5 29. Bd3 Bxd3 30. Qxd3 Qc5 31. Qd4 Qe7 32. Qd2 Qxh4 0-1

[Event "Open Aubagne 2024/25"]
[Site "Aubagne"]
[Date "2024.10.05"]
[Round "2.14"]
[White "Roganova, Jeremy"]
[Black "Hassaine, Rachid"]
[Result "0-1"]
[WhiteElo "1469"]
[BlackElo "1610"]
[PlyCount "46"]
[WhiteTeam "Cercle d'Echecs Aubagnais"]
[BlackTeam "Cercle d'Echecs Aubagnais"]

1. e4 e5 2. Nf3 Nc6 3. Bc4 Bc5 4. b4 Bd6 5. c3 a6 6. Qb3 Qf6 7. d4 exd4 8. cxd4
Bxb4+ 9. Nbd2 Be7 10. Bb2 Na5 11. Qc3 Nxc4 12. Qxc4 c6 13. Bc3 Qg6 14. O-O d6
15. Kh1 Nf6 16. e5 d5 17. Qe2 Nh5 18. Nb3 Nf4 19. Nh4 Nxe2 20. Nxg6 hxg6 21.
Bd2 g5 22. g3 Bg4 23. Rfe1 Bf3# 0-1

[Event "Open Aubagne 2024/25"]
[Site "Aubagne"]
[Date "2024.10.05"]
[Round "2.15"]
[White "Moerenhout, Jean Claude"]
[Black "Pretini, Augustin"]
[Result "0-1"]
[WhiteElo "1552"]
[BlackElo "1472"]
[PlyCount "130"]
[WhiteTeam "Cercle d'Echecs Aubagnais"]
[BlackTeam "Cercle d'Echecs Aubagnais"]

1. e4 e5 2. Nf3 Nc6 3. Bc4 Nf6 4. d3 h6 5. O-O Bc5 6. c3 O-O 7. b4 Bb6 8. a4 a6
9. a5 Ba7 10. Ba3 Ne7 11. Nxe5 d5 12. exd5 Nfxd5 13. Re1 Re8 14. b5 Be6 15. Qc2
axb5 16. Bxb5 c6 17. Bc4 Qxa5 18. Bb2 Qb6 19. d4 Nc7 20. Bxe6 Nxe6 21. Nd2 c5
22. Ndc4 Qc7 23. Rad1 cxd4 24. cxd4 Red8 25. Nf3 Rac8 26. Qa4 b5 27. Qxb5 Qxc4
28. Qxc4 Rxc4 29. h3 Ng6 30. d5 Nef8 31. Ba3 Bc5 32. Bxc5 Rxc5 33. d6 f6 34.
Rd2 Ne5 35. Nxe5 Rxe5 36. Red1 Kf7 37. Rc2 Re6 38. Rc7+ Rd7 39. Rxd7+ Nxd7 40.
f4 Re8 41. Rc1 Ke6 42. Re1+ Kf7 43. Rxe8 Kxe8 44. Kf2 Kf7 45. f5 Ne5 46. g4 Ke8
47. Kg3 Kd7 48. Kh4 Kxd6 49. Kh5 Ke7 50. h4 Kf7 51. g5 hxg5 52. hxg5 fxg5 53.
Kxg5 Nf3+ 54. Kf4 Nd2 55. Kg5 Nf3+ 56. Kf4 Nd2 57. Kg5 Ne4+ 58. Kf4 Nd6 59. Ke5
Nc4+ 60. Kd4 Nb6 61. Ke5 Nd7+ 62. Kd6 Kf6 63. Kxd7 Kxf5 64. Kd6 g5 65. Kd5 Kf4
0-1

[Event "Open Aubagne 2024/25"]
[Site "Aubagne"]
[Date "2024.10.05"]
[Round "2.16"]
[White "Turpin, Isabelle"]
[Black "Autouard, Jean-Luc"]
[Result "0-1"]
[WhiteElo "1462"]
[BlackElo "1533"]
[PlyCount "80"]
[WhiteTeam "Cercle d'Echecs Aubagnais"]
[BlackTeam "Cercle d'Echecs Aubagnais"]

1. c4 e5 2. d3 Nf6 3. Nc3 Be7 4. e3 O-O 5. Nf3 d6 6. Be2 b6 7. Nd5 Nxd5 8. cxd5
Bb7 9. e4 f5 10. g3 f4 11. gxf4 exf4 12. Bd2 Na6 13. Rg1 Bc8 14. Qb3 Nc5 15.
Qc3 Bf6 16. e5 dxe5 17. Nxe5 Bg5 18. h4 Bh6 19. Bg4 Qxh4 20. O-O-O Qf6 21. Bxc8
Raxc8 22. Rg4 Rce8 23. d4 Ne4 24. Qf3 Qf5 25. Bxf4 Bxf4+ 26. Qxf4 Qxf4+ 27.
Rxf4 Rxf4 28. f3 Nd6 29. Rh1 Rxd4 30. Rh5 Rxd5 31. f4 Rc5+ 32. Kd2 Ne4+ 33. Ke3
Nf6 34. Rf5 Ng4+ 35. Ke4 Nxe5 36. Rxe5 Rcxe5+ 37. fxe5 h5 38. Kf4 Re6 39. Kf5
Kf7 40. b3 h4 0-1

[Event "Open Aubagne 2024/25"]
[Site "Aubagne"]
[Date "2024.10.05"]
[Round "2.17"]
[White "Rocchia, Alex"]
[Black "Pouliquen, Gilbert"]
[Result "1-0"]
[WhiteElo "1533"]
[BlackElo "1441"]
[PlyCount "51"]
[WhiteTeam "Cercle d'Echecs Aubagnais"]
[BlackTeam "Echiquier Marseillais 1872"]

1. e4 c5 2. Nc3 Nc6 3. f4 d6 4. Bb5 Nf6 5. Nf3 e6 6. O-O Be7 7. d3 O-O 8. Bxc6
bxc6 9. Qe1 a5 10. Qg3 g6 11. Qh3 Nh5 12. g4 Ng7 13. f5 exf5 14. exf5 gxf5 15.
gxf5 Bxf5 16. Qg3 Bg6 17. Bh6 Qb6 18. Kh1 Qxb2 19. Ne4 d5 20. Rab1 Qxc2 21. Qe5
f6 22. Qxe7 Rf7 23. Nxf6+ Kh8 24. Qd6 Qxd3 25. Rb8+ Rf8 26. Rxf8+ 1-0